The nature of statistical learning theory
Guardat en:
| Autor principal: | |
|---|---|
| Format: | Llibre |
| Idioma: | anglès |
| Publicat: |
Nueva York
Springer
2000
|
| Edició: | 2a. ed |
| Col·lecció: | Statistics for Engineering and Information Sciences
|
| Matèries: | |
| Etiquetes: |
Afegir etiqueta
Sense etiquetes, Sigues el primer a etiquetar aquest registre!
|
MARC
| LEADER | 00000nam a2200000 a 4500 | ||
|---|---|---|---|
| 001 | UCK2926 | ||
| 003 | CL-VaPUC | ||
| 008 | 050401e20000000US |||||||||||||||||eng|d | ||
| 020 | |a 0387987800 | ||
| 082 | 0 | 4 | |a 006.31 |b VAP |2 21 |
| 100 | 0 | |a Vapnik, Vladimir N |e author |9 490949 | |
| 245 | 1 | 4 | |a The nature of statistical learning theory |
| 250 | |a 2a. ed | ||
| 300 | |a 314 p | ||
| 942 | |c BK | ||
| 945 | |d 20050401 00:00:00 |a cmena | ||
| 260 | |a Nueva York |b Springer |c 2000 | ||
| 650 | 0 | |a Aprendizaje por máquinas |9 490950 | |
| 650 | 0 | |a Aplicaciones de computadores |9 260401 | |
| 650 | 7 | |a REDES NEURALES |2 CL-VaPUC |9 327208 | |
| 650 | 0 | |a Razonamiento |9 256520 | |
| 650 | 7 | |a TEORIA DEL APRENDIZAJE |2 CL-VaPUC |9 448897 | |
| 583 | |a last modification |c 20050401 00:00:00 |k Rodrigo Vera | ||
| 490 | 0 | |a Statistics for Engineering and Information Sciences | |
| 999 | |c 312316 |d 312314 | ||
| 952 | |0 0 |1 0 |4 0 |6 006_310000000000000_VAP_2000 |7 0 |8 A |9 382386 |a FDOPOS |b FDOPOS |d 2019-11-21 |i 4104692 |o 006.31 VAP 2000 |p 4104692 |r 2025-01-22 |w 2019-11-21 |y BK |k MLA | ||